Truyện kể địa danh Việt Nam
Tìm hiểu sự tích các địa danh qua văn học dân gian. Những truyện địa danh gắn liền với thần thoại và truyền thuyết. Về những truyện địa danh gắn liền cổ tích và dã sử, giai thoại.
Shranjeno v:
| Glavni avtor: | |
|---|---|
| Format: | Knjiga |
| Jezik: | Undetermined |
| Izdano: |
Hà Nội
Văn hoá Thông tin
2013
|
| Teme: | |
| Oznake: |
Označite
Brez oznak, prvi označite!
|
| Thư viện lưu trữ: | Trung tâm Học liệu Trường Đại học Cần Thơ |
|---|
| LEADER | 00899nam a2200217Ia 4500 | ||
|---|---|---|---|
| 001 | CTU_186314 | ||
| 008 | 210402s9999 xx 000 0 und d | ||
| 082 | |a 915.97 | ||
| 082 | |b D513/T.1 | ||
| 100 | |a Vũ, Quang Dũng | ||
| 245 | 0 | |a Truyện kể địa danh Việt Nam | |
| 245 | 0 | |c Vũ Quang Dũng | |
| 260 | |a Hà Nội | ||
| 260 | |b Văn hoá Thông tin | ||
| 260 | |c 2013 | ||
| 520 | |a Tìm hiểu sự tích các địa danh qua văn học dân gian. Những truyện địa danh gắn liền với thần thoại và truyền thuyết. Về những truyện địa danh gắn liền cổ tích và dã sử, giai thoại. | ||
| 650 | |a Names, geographical,Tên địa danh | ||
| 650 | |x History,Lịch sử | ||
| 650 | |z Vietnam,Việt Nam | ||
| 910 | |a Hải | ||
| 980 | |a Trung tâm Học liệu Trường Đại học Cần Thơ | ||